Technology and the future (Registro nro. 2528)

Detalles MARC
000 -Cabecera
Campo de control de longitud fija 00614aam a2200265 4500
005 - Fecha y hora de la última transacción
Campo de control 20240823191348.0
008 - Elementos de longitud fija--Información general
Campo de control de longitud fija 150603b1999 ag ||||| |||| 00| 0 eng d
020 ## - International Standard Book Number
Número Internacional Estándar del Libro (ISBN) 950460661X
041 ## - Idioma
Código de idioma Inglés
082 ## - Clasificación Decimal Dewey
Número de clasificación 600 T255t
245 ## - Título propiamente dicho
Título Technology and the future
260 ## - Pie de imprenta
Lugar de publicación, distribución, etc. Argentina
260 ## - Pie de imprenta
Nombre del editor, distribuidor, etc. Santillana
260 ## - Pie de imprenta
Fecha de publicación, distribución, etc. 1999
300 ## - Descripción física
Extensión 64 páginas
505 ## - Nota de contenido
Nota de contenido Incluye ilustraciones a color
650 ## - Materia general
Temática (materia general) TECNOLOGÍA
650 ## - Materia general
Temática (materia general) ROBÓTICA
650 ## - Materia general
Temática (materia general) ENERGÍA
650 ## - Materia general
Temática (materia general) TRANSPORTE
650 ## - Materia general
Temática (materia general) BIOTECNOLOGÍA
650 ## - Materia general
Temática (materia general) COMPUTACIÓN
650 ## - Materia general
Temática (materia general) INTERNET
942 ## - Punto de acceso adicional KOHA
Tipo de ítem KOHA Libro
Fuente del sistema de clasificación o colocación Dewey Decimal Classification
Existencias
Signatura completa Código de barras Tipo de ítem
600 T255t 15555 Libro